Deontología para ingenieros
Sábháilte in:
| Príomhchruthaitheoir: | |
|---|---|
| Formáid: | LEABHAR |
| Teanga: | Spanish |
| Foilsithe / Cruthaithe: |
Pamplona : EUNSA,
1987
|
| Ábhair: | |
| Clibeanna: |
Cuir clib leis
Níl clibeanna ann, Bí ar an gcéad duine le clib a chur leis an taifead seo!
|
MARC
| LEADER | 00000nam a2200000Ia 4500 | ||
|---|---|---|---|
| 003 | 000205 | ||
| 005 | 20221231143934.0 | ||
| 008 | 140114s1987 sp a 000 ||spa d | ||
| 020 | |a 8431309830 | ||
| 040 | |c cru CEDI | ||
| 082 | |a 174.962 E74d | ||
| 100 | |a Escolá Gil, Rafael, 1919-1995 |9 20681 | ||
| 245 | |a Deontología para ingenieros | ||
| 260 | |a Pamplona : EUNSA, |c 1987 | ||
| 300 | |a 314 p. ; 24 cm | ||
| 650 | |x INGENIERIA |x ÉTICA PROFESIONAL |9 20682 | ||
| 942 | |2 ddc |c BK | ||
| 999 | |c 14516 |d 14516 | ||



